000
00329nam a22001457a 4500
003
SGT
082
_a
610.73
_b
N11K
100
_a
KUMAR, SUMAN C.
245
_a
NURSING FOUNDATION: FOR BASIC B.SC NURSING
250
_a
1ST
260
_a
JALANDHAR
_b
LOTAS PUB
_c
2011
300
_a
379
650
_a
NURSING
942
_2
ddc
_c
BK
_0
6
999
_c
10761
_d
10761